000 00268nam a2200109Ia 4500
008 220216s9999 xx 000 0 und d
245 0 _aGeneral principles of experimentation
260 _bPlanters Bulletin
_c1976
300 _a102-105
650 _aRubber
942 _cJS
999 _c59763
_d59763